000 01835cam a22004934i 4500
003 PE-LiUPU
005 20250731173031.0
008 150623s r 000 0 d
020 _a0930525019
035 _a(Sirsi) i9780930525019
040 _aPE-LiUPU
_bspa
_cPE-LiUPU
_erda
049 _aPRUA
082 0 4 _a253
_bS75
_221
245 0 0 _aSolving the ministry's toughest problems /
_cde los editores de Ministrios, la revista de líderes cristianos.
264 1 _aAltamonte Springs, FL :
_bMinistries: the Magazine for Christian Leaders,
_c1985.
300 _a414 páginas :
_bilustraciones fotos ;
_c26 centímetros
336 _atext
_2rdacontent
337 _aunmediated
_2rdamedia
338 _avolume
_2rdacarrier
504 _aIncluye bibliografía.
505 0 _aSolving pastoral problems. -Solving administration problems. -Solving personal prblems. -Solving communications problems. -Solving music ministers' problems. -Solving ministry problems of women. -Solving home group problems.
526 _aSEG42
526 _aSEG41
526 _aSEG40
526 _aSEG39
526 _aP94
526 _aP87
526 _aP86
526 _aP85
526 _aP77
526 _aP76
526 _aP35
650 0 4 _aTeología pastoral.
_91381
700 1 _aBukingham, Jamie,
_eed.
700 1 _aCaldwell, E. S.,
_eed.
700 1 _aEarl, Howard,
_eed.
700 1 _aStrang, Stephen,
_eed.
942 _2ddc
_cBOOK
949 _a253 S75
_wDEWEY
_c1
_i48129
_lCCODEBUL1
_mBUL
_r0
_sY
_tBOOK
_u2015-6-24
_xTEOLOGIA
_PP35
_0COMPRA
_o.STAFF. Colección General
994 _aC0
_bPEPRU
596 _a1
999 _a253 S75
_wDEWEY
_c25101
_i48129
_f2021-11-10
_g5
_lCCODEBUL1
_mBUL
_r0
_sY
_tBOOK
_u2015-6-24
_xTEOLOGIA
_PP35
_0COMPRA
_o.STAFF. Colección General
_d25101
980 _81
_gALBERTO SANCHEZ Responsable de Automatización